1747 1960 1212 1097 1281 1579 1785 1040 1867 1603 1883 1548 1320 1475 1556 1658 1614 1491 1099 1595 1200 1669 1890 1919 1462 1624 1521 1639 1184 1892 1580 1042 1168 1021 1122 1648 1791 1308 1024 1438 1747 1831 1233 1110 1584 1158 1552 1358 1736 1988 1997 1180 1952 1469 1714 1463 1969 1730 1763 1620 1843 1510 1980 1115 1248 1573 1738 1031 1241 1665 1407 1417 1421 1577 1988 1530 1975 1225 1909 1669 1444 1401 1996 1871 1933 1192 1663 1715 1756 1267 1487 1574 1838 1415 1140 1904 1326 1766 1737 BCNSPRNW ULIB Ver.6.0+V

เปลี่ยนเป็นภาษาไทย

Change to English
 แสดงรายละเอียดบรรณานุกรม
  กลับหน้าหลัก

Brief Record : Get Marc (ISO 2709) : E-mail record : QR code < ปิดหน้าต่าง
LEADER : 00000nam 2200000uu 4500
001    13399125543
003     ULIB
008    170623s2559||||th 000 0 tha d
024 0  ^a9786167790510
050  0 ^aHQ774.5^bจ7ข 2558
100 0  ^aรศ.ดร.จุฑามาศ โชติบาง
245 00 ^aข้อกำหนดด้านกระบวนการและผลลัพธ์เพื่อเทียบเคียงความสามารถในการพัฒนาศูนย์เด็กเล็ก/^cรศ.ดร.จุฑามาศ โชติบาง
250    ^aพิมพ์ครั้งที่ 3
260    ^aเชียงใหม่:^bGood Work Media,^c2558
300    ^a66หน้า:^eตาราง
650  0 ^aเด็ก-การดูแล
945    ^p50^l0^i25219
945    ^p50^l0^i25220
999    ^aกัณชพร
รายการนี้ยังไม่มีแท็ก
คุณยังไม่ได้ล็อกอิน คุณสามารถมีกิจกรรมร่วมกับเว็บไซต์ได้ แต่ต้องล็อกอินก่อน ::
  ล็อกอิน

รายการสื่อสารสนเทศ

ลำดับที่ ประเภท เลขเรียก/บาร์โค้ด สถานที่ สถานะ
1. หนังสือสำรอง
หนังสือสำรอง
HQ774.5 จ7ข 2558 ฉ.1 
  Barcode: 25219
ห้องสมุดวิทยาเขตนครสวรรค์
►หนังสือทั่วไป:l:General Books
บนชั้น
2. การศึกษาทั่วไป
การศึกษาทั่วไป
HQ774.5 จ7ข 2558 ฉ.2 
  Barcode: 25220
ห้องสมุดวิทยาเขตนครสวรรค์
►หนังสือทั่วไป:l:General Books
บนชั้น

รายการใกล้เคียง
    หัวเรื่อง [เด็ก-การดูแล]

BibComment


ยังไม่เคยถูกคอมเมนท์

คอมเมนท์ทรัพยากรรายการนี้
  คอมเมนท์: ข้อกำหนดด้านกระบ..


 Copyright 2026. Bcnsprnw @Library